Histoire générale / (Record no. 72799)

MARC details
000 -LEADER
campo de control de longitud fija 01585nam a2200301 i 4500
001 - NÚMERO DE CONTROL
campo de control 72799
003 - IDENTIFICADOR DE NÚMERO DE CONTROL
campo de control ES-MaACL
005 - FECHA Y HORA DE LA ÚLTIMA TRANSACCIÓN
campo de control 20250815062603.0
007 - CAMPO FIJO DE DESCRIPCIÓN FÍSICA--INFORMACIÓN GENERAL
campo de control de longitud fija t|
008 - DATOS DE LONGITUD FIJA--INFORMACIÓN GENERAL
campo de control de longitud fija 040903m19281948fr ||||1| fre d
100 1# - ENTRADA PRINCIPAL--NOMBRE DE PERSONA
Nombre de persona Glotz, Gustave.
9 (RLIN) 57450
245 10 - MENCIÓN DEL TÍTULO
Título Histoire générale /
Mención de responsabilidad, etc. publiée sous la direction de Gustave Glotz.
260 ## - PUBLICACIÓN, DISTRIBUCIÓN, ETC.
Lugar de publicación, distribución, etc. Paris :
Nombre del editor, distribuidor, etc. Presses Universitaires de France,
Fecha de publicación, distribución, etc. 1928-1948.
300 ## - DESCRIPCIÓN FÍSICA
Extensión 7 v. ;
Dimensiones 25 cm.
505 8# - NOTA DE CONTENIDO CON FORMATO
Nota de contenido con formato Contiene:. Histoire Ancienne. Histoire Grecque: T.I: Des origines aux guerres médiques / par Gustave Glotz. -- T.II: La Gréce au V siécle / par Gustave Glotz ; avec la collaboration de Robert Cohen. 2ª section: César / por Jerome Carcopino. -- T.IV: 2éme Partie: L'Empire chrétien (325-395) / par André Piganiol. Histoire du Moyen Age: T.I: Les destinées de l'Empire en Occident de 395 a 888 / par Ferdinand Lot, Christian Pfiater, François L. Ganshof. -- T.II: L'Europe Occidentale de 888 a 1125 / par Agustin Fliche. -- T.VIII: La civilisation accidentale au Moyen Age du XIe au milieu du XVe siécle / par Henri Pirenne, Gustave Cohen, Henri Focillon
650 #7 - PUNTO DE ACCESO ADICIONAL DE MATERIA--TÉRMINO DE MATERIA
Término de materia o nombre geográfico como elemento de entrada Historia universal
Fuente del encabezamiento o término embne
9 (RLIN) 13429
700 1# - ENTRADA AGREGADA--NOMBRE PERSONAL
Nombre de persona Cohen, Robert.
9 (RLIN) 39512
700 1# - ENTRADA AGREGADA--NOMBRE PERSONAL
Nombre de persona Carcopino, Jerome.
9 (RLIN) 35109
700 1# - ENTRADA AGREGADA--NOMBRE PERSONAL
Nombre de persona Piganiol, André.
9 (RLIN) 91990
700 1# - ENTRADA AGREGADA--NOMBRE PERSONAL
Nombre de persona Pfister, Christian.
9 (RLIN) 91634
700 1# - ENTRADA AGREGADA--NOMBRE PERSONAL
Nombre de persona Ganshof, François-Louis.
9 (RLIN) 53878
700 1# - ENTRADA AGREGADA--NOMBRE PERSONAL
Nombre de persona Fliche, Augustin.
9 (RLIN) 51205
700 1# - ENTRADA AGREGADA--NOMBRE PERSONAL
Nombre de persona Lot, Ferdinand.
9 (RLIN) 74290
700 1# - ENTRADA AGREGADA--NOMBRE PERSONAL
Nombre de persona Focillon, Henri.
9 (RLIN) 205095
700 1# - ENTRADA AGREGADA--NOMBRE PERSONAL
Nombre de persona Pirenne, Henri.
9 (RLIN) 92343
852 ## - LOCALIZACIÓN
Ubicación ES-MaACL
Número de control de estantería P-767
Holdings
Estatus retirado Estado de pérdida Estado de daño No para préstamo Biblioteca de origen Biblioteca actual Ubicación en estantería Fecha de adquisición Fuente de adquisición Total de préstamos Signatura topográfica completa Código de barras Visto por última vez Precio de reemplazo Tipo de ítem Koha
        Biblioteca del Ateneo de Madrid Biblioteca del Ateneo de Madrid Depósito 2 17/01/2008     P-767 1076207 23/02/2023 23/02/2023 Libro impreso